[Event "30 min / Partie"]
[Site "?"]
[Date "2026.01.08"]
[Round "29"]
[White "King Element 300 mhz, Millenium"]
[Black "Phoenix London 1400 Mhz, Mephisto"]
[Result "1-0"]
[Annotator "mpill"]
[WhiteElo "2599"]
[BlackElo "2500"]
[WhiteFideId "-1"]
[BlackFideId "-1"]
[PlyCount "173"]
[GameId "2264063365636430"]

{[%evp 12,172,46,49,37,42,78,77,108,114,103,112,113,96,103,76,92,91,350,124,126,68,120,127,200,182,428,325,331,294,289,289,289,219,296,304,298,272,343,349,352,343,335,338,347,337,378,381,360,365,435,423,473,453,460,462,440,436,435,432,484,441,458,449,454,441,481,479,464,470,466,460,568,563,543,542,831,775,636,628,864,851,826,808,865,796,877,864,883,864,822,788,745,565,549,543,825,749,2804,1094,854,707,697,680,657,630,667,601,677,592,592,564,533,514,19994,19995,20000,20000,20000,20000,29976,29979,29979,29980,29981,29980,29984,29984,29984,29986,29986,29985,29985,29986,29986,29987,29987,29988,29988,29989,29989,29990,29990,29990,29990,29991,29991,29992,29992,29993,29993,29994,29994,29995,29995,29996,29996,29997,29997,29998,29998,29999,29999]} 1. e4 c6 2. d4 d5 3. e5 Bf5 4. c4 e6 5. Nc3 dxc4 6. Bxc4 Nd7 {Buchende} 7. Nge2 Nb6 8. Bb3 {Buchende} Bb4 (8... Ne7 $14) 9. O-O $16 Ne7 {Weiß steht besser.} 10. Ng3 O-O 11. a3 Ba5 12. Bg5 Bg6 13. Bc2 Bxc2 14. Qxc2 {Schwarz muss nun b4 beachten. Eine scharfe Eröffnung} Nbc8 $2 {[%mdl 8192]} (14... Bxc3 $16 15. bxc3 h6) 15. Rfd1 $2 (15. Nce4 $18 {und Weiss behält klar die Oberhand.}) 15... h6 16. Be3 {Weiß steht deutlich aktiver.} (16. Bh4 $16) 16... Ng6 (16... Bxc3 $14 17. bxc3 Nd5) 17. Nce4 {[%cal Oe3h6]} Bb6 (17... Qh4 $16 {war angesagt.}) 18. Bxh6 $18 {[%mdl 64] [#] Ablenkung} Nce7 $2 (18... f5) 19. Bg5 Qc7 20. Rac1 Rfd8 21. Ne2 Rd5 22. b4 Rad8 {[%cal Rb6d4]} 23. N4c3 R5d7 24. h4 a5 25. bxa5 ({Auf keinen Fall} 25. h5 axb4 26. hxg6 (26. axb4 $2 Nf8 $18) 26... bxc3 27. gxf7+ (27. Qxc3 Nxg6 28. Qb2 Ra8 $11) 27... Kxf7 28. Qxc3 (28. Nxc3 Bxd4 29. Re1 Qa5 $11) 28... Rf8 29. Bxe7 (29. Qh3 Nf5 $18) 29... Rxe7 $18) 25... Bxa5 26. Ne4 Nf8 27. Rb1 Bb6 28. Nd6 {Schwarz hat schwache schwarze Felder} Ra8 29. Bxe7 Rxe7 30. Rb3 f6 31. Rdb1 Ra6 32. Qb2 fxe5 33. dxe5 Ba7 34. Rxb7 Qd8 35. h5 Nd7 36. Qc3 Qf8 37. Rf1 Bb6 38. Qc4 Ra7 39. Qxc6 Rxb7 40. Qxb7 Bc5 41. Qe4 Bxa3 42. Nf4 {[%cal Be2f4,Bf4g6,Bg6e7][%mdl 32]} Bxd6 43. Ng6 {[%csl Oe7,Of8][%cal Oe5d6][%mdl 64] Lässt Sxe5 nicht zu. Doppelangriff} Qf7 {[%cal Od7e5]} 44. exd6 Re8 45. Ne7+ Kh8 46. Qg6 Ne5 47. Qg5 Nd7 48. h6 Ra8 49. Re1 Qf6 50. hxg7+ Qxg7 51. Qh4+ Qh7 52. Qxh7+ Kxh7 53. Rxe6 {[%mdl 4096] Endspiel KTS-KTS. Weiß hat 3 Bauern mehr.} Kg7 54. Nf5+ Kf7 55. Re7+ Kf6 56. Ne3 Nb6 57. Rb7 Na4 58. d7 Rd8 59. Rc7 Ke6 60. f4 Kd6 61. Ra7 Nb6 62. g4 {[%cal Bg2g4,Bg4g5][%mdl 32]} Rxd7 (62... Nxd7 $142 63. Kg2 Nf8) 63. Rxd7+ Kxd7 {KS-KS. Weiß hat zwei Bauern mehr.} 64. g5 Ke6 65. Kg2 Kf7 66. f5 {Weiß setzt Matt.} Nd7 67. Ng4 Nb6 68. Ne5+ Ke7 69. f6+ Ke6 70. f7 Nd7 {[#]} 71. g6 $1 Nxe5 72. f8=Q Nxg6 73. Qe8+ Ne7 74. Kf3 Kd6 75. Qd8+ Ke6 76. Ke4 Ng6 77. Qb6+ Kf7 78. Qf2+ Kg7 79. Kf5 Kf7 80. Qa7+ Ne7+ 81. Ke5 Kf8 82. Ke6 Kg7 83. Qxe7+ Kg6 84. Qh4 Kg7 85. Qg4+ Kh6 86. Kf7 Kh7 87. Qh5# {Gewichteter Fehlerwert: Weiß=0.17 (sehr präzise) /Schwarz=0.51  Verlustzug:     	---       	Schwarz=1     Gewinn verpasst:   	Weiß=1     	---        Fehler:       	Weiß=1     	Schwarz=5     Ungenau:       	---       	Schwarz=5     OK:         	Weiß=24    	Schwarz=13} 1-0

[Event "30 min / Partie"]
[Site "?"]
[Date "2026.01.08"]
[Round "30"]
[White "Phoenix London 1400 Mhz, Mephisto"]
[Black "King Element 300 mhz, Millenium"]
[Result "1-0"]
[Annotator "mpill"]
[WhiteElo "2500"]
[BlackElo "2599"]
[WhiteFideId "-1"]
[BlackFideId "-1"]
[PlyCount "187"]
[GameId "2264083990818887"]

{[%evp 13,186,2,9,12,12,9,7,4,8,-7,14,14,15,1,26,-6,23,0,11,-5,0,9,21,-1,17,15,30,-20,25,-120,9,-6,2,-17,32,0,34,4,77,64,68,47,89,42,39,0,69,13,61,6,32,9,66,51,83,63,79,65,75,86,153,142,140,136,162,121,122,0,0,0,5,0,6,-11,14,0,24,0,28,-48,0,0,114,126,128,124,136,143,196,2,52,65,89,34,96,10,15,0,1,4,232,215,298,316,291,234,318,247,282,276,322,324,399,322,319,76,84,139,352,46,344,336,454,441,409,341,533,528,517,495,589,544,628,610,571,587,656,655,700,688,658,567,708,701,707,599,4005,1040,29985,29986,29987,29988,29988,29989,29989,29990,29990,29990,29990,29991,29991,29992,29992,29990,29993,29994,29994,29995,29995,29996,29996,29997,29998,29999,29999]} 1. d4 Nf6 2. c4 e6 3. Nc3 d5 4. Bg5 Be7 5. e3 h6 6. Bh4 O-O 7. Nf3 {Buchende} Nbd7 {Buchende} 8. Be2 Ne4 9. Bxe7 Qxe7 10. O-O {Die Stellung ist ausgeglichen.} Nxc3 11. bxc3 b6 12. cxd5 exd5 13. Qc2 Bb7 14. Rab1 Nf6 15. Ne5 c5 16. Bd3 c4 17. Be2 Rfe8 18. Bf3 Qc7 19. Qf5 Rad8 20. Rb2 (20. Qf4) 20... Nh7 (20... Ne4 $142) 21. Bh5 (21. Bd1 $11) 21... Re7 (21... g6 $1 $17 {[%cal Rg6f5]} 22. Nxg6 fxg6 23. Qxg6+ Kh8 (23... Qg7 24. Qxg7+ Kxg7 25. Bxe8 $11) 24. Qxh6 Rg8) 22. Bd1 Nf6 23. Bf3 Re6 (23... Bc6 $11) 24. Rfb1 Rde8 25. Rb5 Rc8 (25... Rd8 $11 {bleibt in der Remisbreite.}) 26. a4 $16 {[%cal Oa4a5] Weiß steht deutlich aktiver.} a6 27. R5b4 Rd8 (27... Rce8 $14) 28. R4b2 (28. h4 $16) 28... Bc8 $14 29. Qc2 (29. Qf4 $14) 29... Bb7 (29... g6 $11) 30. Rb4 (30. Qf5 $14) 30... Rb8 (30... Bc8 $11) 31. Qa2 (31. Qf5 $14) 31... Qd8 32. Qb2 {[%cal Rb4b6]} Ba8 (32... Bc8 $11) 33. Bd1 Qc7 34. Bc2 g6 35. Bd1 Ne4 36. Bg4 f5 (36... Rd6 $142) 37. Bf3 $16 Ng5 38. Bd1 Kg7 {[%csl Oe5] Starkes Feld Weiß (e5)} 39. Bc2 (39. f4 $18 Nf7 40. g4) 39... Nf7 40. Nxf7 (40. f4 $1 $16) 40... Qxf7 41. Qc1 h5 42. g3 Qc7 43. Qb2 h4 44. Bd1 (44. gxh4 Qe7 45. Qc1 f4 $19 (45... Qxh4 46. Qf1 $15)) 44... Rf6 45. Bf3 g5 {[%cal Bg6g5,Bg5f4][%mdl 32]} 46. Kf1 (46. gxh4 $11 g4 47. Bg2) 46... hxg3 (46... Rh6 $15 {ist eher angebracht.}) 47. hxg3 $11 f4 (47... Rh6 $11) 48. exf4 $16 gxf4 49. g4 Re6 50. Qc2 Rf8 {[#]} (50... a5 $16 51. R4b2 (51. Qf5 Qe7 $11) 51... Bc6) 51. Kg1 $2 (51. Kg2 $1 $18) 51... Rff6 (51... Qd8 $1 $11) 52. Kg2 $14 Rh6 {[#]} 53. Kf1 (53. Rh1 $1 $16) 53... Rhg6 (53... Qe7 $14) 54. R4b2 (54. Qf5 Rgf6 55. Qh5 Rh6 56. Qg5+ Rhg6 $11) (54. Re1 $16) 54... Bb7 $1 $11 55. Kg2 {Th1 liegt in der Luft} Rh6 56. Qd2 Kg8 $2 (56... Bc8 $11 {und Schwarz ist OK.}) 57. Re1 $18 Rhg6 58. Rxe6 Rxe6 59. Qc2 Qf7 60. Rb1 Kg7 61. Rh1 {Und jetzt Th7+ wäre schön.} Rg6 62. Rh5 Rh6 63. Rg5+ Rg6 64. Qf5 $2 (64. Re5 $18 {ist viel giftiger.}) 64... Qxf5 $16 65. Rxf5 {[%mdl 4096] Endspiel KTL-KTL} Bc6 $2 (65... b5 $16) 66. Rxf4 $2 ({Weiss kommt nicht vorbei an} 66. Bxd5 $18 Bxd5+ 67. Rxd5 Rxg4+ 68. Kf3) 66... Bxa4 $2 {[%mdl 8192]} ({Besser ist} 66... b5 $1 $14) 67. Bxd5 $18 Bc6 68. Bxc6 Rxc6 {KT-KT. Weiß hat einen Mehrbauern.} 69. d5 {[%cal Bd4d5,Bd5d6][%mdl 32]} Rc7 (69... Rc8 $142 70. Kf3 b5) 70. Rd4 a5 {[%cal Ba6a5,Ba5a4,Ba4a3][%mdl 32]} 71. f4 b5 72. d6 Rd7 73. Kf3 a4 74. Ke4 a3 75. Rd2 Kf7 76. Kd5 Ra7 {Weiss muss nun ...a2 beachten.} 77. Ra2 Ra8 {[%cal Ob5b4]} 78. Kc6 b4 {[%cal Bb5b4,Bb4b3][%mdl 32]} 79. d7 b3 {[#]} 80. Rxa3 $3 {[%mdl 576] Ablenkung, Umwandlung} Rh8 (80... Rxa3 81. d8=Q) 81. Ra5 {Weiß setzt Matt.} b2 82. Rb5 Ke7 83. Rxb2 Ra8 84. Re2+ Kf7 85. Re4 Kf8 86. f5 Kf7 87. g5 {[%cal Bg4g5,Bg5g6][%mdl 32]} Kf8 88. g6 Ra6+ 89. Kb7 Rd6 90. Kc7 Rxd7+ 91. Kxd7 Kg7 92. Ke6 Kf8 93. Kf6 Kg8 94. Re8# {Gewichteter Fehlerwert: Weiß=0.33/Schwarz=0.39  Verlustzug:     	---       	Schwarz=3     Gewinn verpasst:   	Weiß=3     	---        Fehler:       	Weiß=11    	Schwarz=15    Ungenau:       	Weiß=3     	Schwarz=9     OK:         	Weiß=19    	Schwarz=11    Bester:       	Weiß=3     	Schwarz=1     Stark:        	---       	Schwarz=1} 1-0